|
|
|
|
| LEADER |
04680nam a22004093i 4500 |
| 001 |
EBC6531665 |
| 003 |
MiAaPQ |
| 005 |
20231204023216.0 |
| 006 |
m o d | |
| 007 |
cr cnu|||||||| |
| 008 |
231204s2021 xx o ||||0 eng d |
| 020 |
|
|
|a 9789813347137
|q (electronic bk.)
|
| 020 |
|
|
|z 9789813347120
|
| 035 |
|
|
|a (MiAaPQ)EBC6531665
|
| 035 |
|
|
|a (Au-PeEL)EBL6531665
|
| 035 |
|
|
|a (OCoLC)1244534895
|
| 040 |
|
|
|a MiAaPQ
|b eng
|e rda
|e pn
|c MiAaPQ
|d MiAaPQ
|
| 050 |
|
4 |
|a HD28-70
|
| 100 |
1 |
|
|a Yu, Xiu-bao.
|
| 245 |
1 |
4 |
|a The Fundamental Elements of Strategy :
|b Concepts, Theories and Cases.
|
| 250 |
|
|
|a 1st ed.
|
| 264 |
|
1 |
|a Singapore :
|b Springer Singapore Pte. Limited,
|c 2021.
|
| 264 |
|
4 |
|c Ã2021.
|
| 300 |
|
|
|a 1 online resource (211 pages)
|
| 336 |
|
|
|a text
|b txt
|2 rdacontent
|
| 337 |
|
|
|a computer
|b c
|2 rdamedia
|
| 338 |
|
|
|a online resource
|b cr
|2 rdacarrier
|
| 490 |
1 |
|
|a Management for Professionals Series
|
| 505 |
0 |
|
|a Intro -- Preface -- My Teaching Experience -- The Discovery of the Three Elements of the Strategic Concept -- References -- Acknowledgements -- About This Book -- Contents -- About the Author -- List of Figures -- List of Tables -- 1 Introduction: What Goes Wrong in Our Understanding of the Strategy Concept? -- References -- 2 Why Are There Over 90 Definitions of the Strategy Concept? -- 2.1 Overview -- 2.2 Review of Definition Research Literature -- 2.3 The Methodology Applied in This Chapter -- 2.4 Review of Literature Definitions by Four Gurus -- 2.5 Review of Literature Definitions by Some Other Authors -- 2.6 Conclusions and Implications -- References -- 3 Fundamental Elements of the Strategy Concept -- 3.1 Overview -- 3.2 Examples of Companies -- 3.3 Problem-Oriented Strategy -- 3.4 Goal-Oriented Strategy -- 3.5 Elements of a Complete Strategy and Definition of Strategy -- 3.6 Incomplete Strategies -- 3.7 Conclusions -- References -- 4 What Is an Organizational Strategic Decision? -- 4.1 Introduction -- 4.2 Strategic Decision -- 4.3 Making Strategic Decision Is Not an Easy Task -- 4.4 Conclusions -- 5 Tactics and the Three Elements of Strategy -- 5.1 A Military Example -- 5.2 SBU Level Strategies and Tactics -- 5.3 Strategies and Tactics for Subsidiaries -- 5.4 Strategies at the Corporate Level and Tactics -- 5.5 The Relationship Between Strategy and Tactics -- 5.6 Vocabularies Related to Tactics in the Strategic Definition Literature -- References -- 6 Firms Strategies and Their Three Elements -- 6.1 Introduction -- 6.2 Competitive Strategies and Their Three Elements -- 6.3 Corporate Strategy -- 6.4 Corporate Strategies and Their Three Elements -- 6.5 Strategies and Their Three Elements in Tradition -- 6.6 Concluding Remarks -- References -- 7 Strategic Decision Biases and Decision Making Principles.
|
| 505 |
8 |
|
|a 7.1 A Model of Four Strategic Decision Types -- 7.2 Dually Blind Strategy -- 7.3 The Externally Blind Strategy -- 7.4 The Internally Blind Strategy -- 7.5 Integrated Strategy -- 7.6 Key Principles in Strategic Decisions -- 7.7 Other Factors Affecting Strategic Decisions -- References -- 8 Knowing Yourself and Knowing the Others -- 8.1 Introduction -- 8.2 Knowing Yourself-To Understand the Company's Resources and Capabilities -- 8.3 Knowing the Other-To Understand the company's External and Industry Environment -- References -- 9 Evaluation of Strategy Based on the Three Elements -- 9.1 Overview -- 9.2 Evaluation of Competitive Strategies -- 9.3 Evaluation of Corporate Strategies -- 9.4 Conclusions -- Reference -- 10 Implications for Future Research -- 10.1 Introduction -- 10.2 Research on the Three Elements -- 10.3 A Strategic Decision-Making Model and the Related Questions -- 10.4 Questions Concerning the Competitive Strategy -- 10.5 Research Questions of the Corporate Strategy -- 10.6 Research Questions on the General Principles of Strategic Decision-Making -- 10.7 The Risks Brought by the Element of Overall Strategy -- 10.8 Future Outlook -- References -- Afterword -- Outline placeholder -- Touching the Elephant.
|
| 588 |
|
|
|a Description based on publisher supplied metadata and other sources.
|
| 590 |
|
|
|a Electronic reproduction. Ann Arbor, Michigan : ProQuest Ebook Central, 2023. Available via World Wide Web. Access may be limited to ProQuest Ebook Central affiliated libraries.
|
| 655 |
|
4 |
|a Electronic books.
|
| 776 |
0 |
8 |
|i Print version:
|a Yu, Xiu-bao
|t The Fundamental Elements of Strategy
|d Singapore : Springer Singapore Pte. Limited,c2021
|z 9789813347120
|
| 797 |
2 |
|
|a ProQuest (Firm)
|
| 830 |
|
0 |
|a Management for Professionals Series
|
| 856 |
4 |
0 |
|u https://ebookcentral.proquest.com/lib/matrademy/detail.action?docID=6531665
|z Click to View
|